000 00344nam a2200133Ia 4500
008 240624s9999 xx 000 0 und d
041 _aeng
082 _a658.8 MAR
100 _aMARCOS JAVIER
245 _aIMPLEMENTING KEY ACCOUNT MANAGEMENT DESI
260 _c2018
_aLondon
_bKogan Page
300 _axvii, 329 p.; 23 cm.
365 _cBPS
_b33
999 _c32286
_d32286